| 000 | 00508nam a22001817a 4500 | ||
|---|---|---|---|
| 999 |
_c9275 _d9275 |
||
| 003 | AR-CdUCM | ||
| 008 | 190327b ||||| |||| 00| 0 spa d | ||
| 040 |
_aMUNICIPALIDAD PROVINCIAL DEL CUSCO _cBIBLIOTECA MUNICIPAL DEL CUSCO |
||
| 082 |
_a869.508 / _bA58 |
||
| 100 |
_aAngell, Luis Felipe _925373 |
||
| 245 | _aLa tierra prometida / | ||
| 260 |
_aLima : _bJuan Mejia Baca, _c1958. |
||
| 300 |
_a165 páginas ; _c17 cm. |
||
| 505 | _aNovela. | ||
| 650 |
_aNovela. _95 |
||
| 942 |
_2ddc _cLIBROS |
||
| 945 | _awfj | ||